LEADER 01291oam 2200349 450 001 996483069503316 005 20220817084540.0 035 $a(OCoLC)457671574 035 $asib1354501 035 $aCG002808230101P 035 $aPRITEC.AIX.010610212001 035 $a(EXLCZ)9924368560600041 100 $a19990506d1866|||| fy 0 101 0 $ager 181 $ctxt$2rdacontent 182 $cc$2rdamedia 183 $acr$2rdacarrier 200 14$aDie bedeutendsten deutschen Romane des siebzehnten Jahrhunderts $eein Beitrag zur Geschichte der deutschen Literatur /$fvon Dr. L. Cholevius,... 210 1$aLeipzig :$cDruck und Verlag von B. G. Teubner,$d1866. 215 $aXVI-408 Seiten;$d23 cm 606 $3(IdRef)028333160$1http://www.idref.fr/028333160/id$aRoman allemand$3(IdRef)027794040$1http://www.idref.fr/027794040/id$y17e sie?cle$2idref 606 $aRoman$3(DE-588)4050479-7$2gnd$9rswk-swf 606 $aDeutsch$3(DE-588)4113292-0$2gnd$9rswk-swf 615 7$aRoman allemand 615 07$aRoman 615 07$aDeutsch 700 $aCholevius$b Johannes Carl Leo$f1814-1878,$4aut$0458799 801 0$bABES 801 2$bBeLU 912 $a996483069503316 996 $aDie bedeutendsten deutschen Romane des siebzehnten Jahrhunderts$92903856 997 $aUNISA LEADER 01550ngm 2200373 a 450 001 9910867267603321 035 $a(CKB)4100000011528278 035 $a(UkLoHST)4425 035 $a(EXLCZ)994100000011528278 071 50$a5217$bHenry Stewart Talks 100 $a20201104d2020 || v 101 0 $aeng 135 $aurcna|||a|||| 200 10$aGetting started in affiliate marketing$b[electronic resource] /$fRed Barrington 210 $aLondon $cHenry Stewart Talks$d2020 215 $a1 online resource (1 streaming video file (35 min.) $ccolor, sound) 225 1 $aDigital marketing best practice : fundamentals of strategy and practice,$x2056-4570 300 $aAnimated audio-visual presentation with synchronized narration. 300 $aTitle from title frames. 327 $aContents: Understanding affiliate marketing -- Tracking in affiliate marketing -- Benefits and drawbacks of affiliate marketing -- Affiliate segments. 410 0$aHenry Stewart talks.$pBusiness & management collection.$pDigital marketing best practice. 606 $aAffiliate programs (World Wide Web) 606 $aInternet marketing 606 $aMultilevel marketing 615 0$aAffiliate programs (World Wide Web) 615 0$aInternet marketing. 615 0$aMultilevel marketing. 700 $aBarrington$b Red$p(Director, Red Star Digital, UK)$4spk$01743863 801 0$bUkLoHST 801 1$bUkLoHST 906 $aVIDEO 912 $a9910867267603321 996 $aGetting started in affiliate marketing$94172580 997 $aUNINA